Škálovanie aplikácií s použitím virtuálnych vlákien v jazyku Java diplomová práca

Salvato in:
Dettagli Bibliografici
Autore principale: Schneidgen, Vladimír
Ente Autore: Fakulta hospodárskej informatiky EU. Katedra aplikovanej informatiky
Altri autori: Sojka, Pavol, 1978-
Natura: Libro
Lingua:slovacco
Pubblicazione: Bratislava 2025
Tags: Aggiungi Tag
Nessun Tag, puoi essere il primo ad aggiungerne!!

MARC

LEADER 00000nbm a2200000 4500
001 0310387
005 20251121130009.3
041 0 |a slo 
044 |a SK 
245 1 0 |a Škálovanie aplikácií s použitím virtuálnych vlákien v jazyku Java  |b diplomová práca  |c Vladimír Schneidgen ; školiteľ: Pavol Sojka 
264 1 |a Bratislava  |c 2025 
300 |a 81 s. 
100 1 |a Schneidgen, Vladimír 
700 1 |a Sojka, Pavol, 1978- 
710 2 |a Fakulta hospodárskej informatiky EU. Katedra aplikovanej informatiky